[Event "Sunnyvale 1000 IM Winter 12"]
[Site "Sunnyvale"]
[Date "2023.12.28"]
[Round "4"]
[White "Ramirez, Carlos"]
[Black "Chiang, Jacob"]
[Result "1-0"]
[WhiteElo "2189"]
[BlackElo "2200"]
[PlyCount "113"]
[EventDate "2023.12.26"]
[EventType "schev"]
[EventRounds "9"]
[EventCountry "USA"]
[SourceTitle "CBM 217 Extra"]
[Source "ChessBase"]
[SourceDate "2024.01.31"]
[SourceVersion "1"]
[SourceVersionDate "2024.01.31"]
[SourceQuality "1"]

1. Nf3 Nf6 2. d4 b6 3. c4 e6 4. Bf4 Be7 5. Nc3 Bb7 6. e3 0-0 7. Be2 d5 8. 0-0 c5 9. dxc5 bxc5 10. Qc2 Nc6 11. Rfd1 Qb6 12. Rac1 Rac8 13. a3 Na5 14. Nd2 Bc6 15. Be5 d4 16. Bxf6 Bxf6 17. Nce4 Be7 18. exd4 cxd4 19. b4 Nb7 20. c5 Qc7 21. Bc4 Qf4 22. Re1 Rfd8 23. Qd3 Kh8 24. Nf3 e5 25. Ned2 f6 26. Be6 Rc7 27. Bf5 g6 28. Be4 Rdc8 29. Bxc6 Rxc6 30. g3 Qg4 31. Nxd4 Qd7 32. Qe4 Nd6 33. Qe2 R6c7 34. N4f3 Nb5 35. Nc4 Qc6 36. Na5 Qa8 37. Qxb5 Qxf3 38. Re3 Qd5 39. Rd3 Qe6 40. Qc4 Qf5 41. Rcd1 e4 42. Rd5 Qf3 43. Qb3 Qg4 44. Qe3 f5 45. Qd4+ Kg8 46. Rd7 Rxd7 47. Qxd7 Rd8 48. Qe6+ Kf8 49. Rxd8+ Bxd8 50. Qd6+ Be7 51. Qd4 Qf3 52. c6 Qxa3 53. Nc4 Qc1+ 54. Kg2 e3 55. c7 e2 56. c8Q+ Kf7 57. Ne5+ 1-0